Privatización y competencia de las telecomunicaciones en México y Centroamérica /

El objetivo central de este trabajo es el análisis de la relación de los modelos de privatización y liberalización, o en su caso de preservación pública, con la ampliación de la cobertura y la mejora de los precios de los servicios de telecomunicaciones. El análisis se basa en el marco jurídico, ele...

पूर्ण विवरण

में बचाया:
ग्रंथसूची विवरण
मुख्य लेखक: Maldonado Carrasco, Ana Grisel
स्वरूप: मूलपाठ
विषय:
टैग: टैग जोड़ें
कोई टैग नहीं, इस रिकॉर्ड को टैग करने वाले पहले व्यक्ति बनें!

MARC

LEADER 00000 a a2200000 04500
001 3654
003
040
100 |a Maldonado Carrasco, Ana Grisel  
245 |a Privatización y competencia de las telecomunicaciones en México y Centroamérica /  |c Ana Grisel Maldonado Carrasco 
500 |a Resumen del estudio de Eugenio Rivera /  |c Modelos de privatización y desarrollo de la competencia en las telecomunicaciones en Centroamérica y México  
520 |a El objetivo central de este trabajo es el análisis de la relación de los modelos de privatización y liberalización, o en su caso de preservación pública, con la ampliación de la cobertura y la mejora de los precios de los servicios de telecomunicaciones. El análisis se basa en el marco jurídico, elemento medular que determina la capacidad institucional para regular y promover la competencia.  
590 |a RRH/062010  
650 |a TELECOMUNICACIONES  
650 |a PRIVATIZACION  
650 |a EMPRESAS DE TELECOMUNICACIONES  
650 |a EVALUACION  
650 |a MARCO INSTITUCIONAL  
650 |a MEXICO  
650 |a AMERICA CENTRAL  
773 |g volumen 58, número 12; páginas 902-908  
999 |c 25692  |d 25692